00433nam a22001337a 4500008004100000040001800041041000800059100002700067245008500094250001200179260006200191300001800253500002800271130821s fr gr fre  aCo-BoUCMbspa00afre aRuskin, John,1819-190003aLaBible d'AmienscJohn Ruskin ; traduction, notes et préface par Marcel Proust a7a. ed. aParís (Francia)bMercvre de Francec[fecha desconocida] a340 páginas aNotas a pie de página